000 00566nam a22001817a 4500
003 NUST-PNEC
005 20170116180723.0
008 141029b xxu||||| |||| 00| 0 eng d
040 _cPNEC
082 _a629.232 HAR
100 _9860
_aHarbison, Ian
245 _aUnmanned vehicles handbook 1993-1994
_cIan Harbison
260 _aBuckinghamshire, England :
_bShephard Press,
_c1993.
300 _a64 p. :
_c28 cm.
500 _ahttp://www.worldcat.org/title/unmanned-vehicles-handbook/oclc/30659845&referer=brief_results
650 _xME, IME
942 _2ddc
_cBK
999 _c61496
_d61496